000 00637nam a22002297a 4500
005 20220404091108.0
008 220404b ||||| |||| 00| 0 eng d
020 _a8125002723
040 _cAL
041 _aEnglish
082 _223
_a338.954
_bKURG
100 _aC T Kurien
_927369
245 _aGlobal Capitalism and the Indian Economy
260 _aNew Delhi
_bOrient Longman Limited
_c1995
300 _axi,132 p.
_bPB
_c21x14 cm.
365 _c
_d₹55.00
650 _aCapitalism
_927370
650 _aEconomic Conditions
_927371
650 _aEconomic Policy
_927372
700 _aKURIEN (C T)
_927373
942 _2ddc
_cGF
999 _c222151
_d222151